X Censo Nacional de Población y VI de Vivienda 2011: características sociales y demográficas /

Na minha lista:
Detalhes bibliográficos
Autor Corporativo: Instituto Nacional de Estadística y Censos (Costa Rica)
Formato: Desconhecido
Idioma:Spanish
Publicado em: Costa Rica : INEC,
Tags: Adicionar Tag
Sem tags, seja o primeiro a adicionar uma tag!

MARC

LEADER 00000 a2200000 04500
001 44988
003
008 050704s2012 cr spa d
040
020 |a 978-9968-921-96-1  
022 |a 978-9968-921-96-1  
090 |a 1001 CR8375cs X2011 T.1  
110 |a Instituto Nacional de Estadística y Censos (Costa Rica)  
245 |a X Censo Nacional de Población y VI de Vivienda 2011:   |b características sociales y demográficas /   |c Instituto Nacional de Estadística y Censos  
246 |a Censo 2011  
260 |a Costa Rica :   |b INEC,  
300 |a Tomo I, 300 páginas :   |b ilustraciones, tablas, mapas  
999 |c 8610  |d 8610